Un nuevo enfoque para el mercado de valores / (Registro nro. 8081)

Detalles MARC
000 -LEADER
fixed length control field 00980nam a2200241Ia 4500
003 - CONTROL NUMBER IDENTIFIER
control field OSt
005 - DATE AND TIME OF LATEST TRANSACTION
control field 20210720120356.0
008 - FIXED-LENGTH DATA ELEMENTS--GENERAL INFORMATION
fixed length control field 210310s1998 ck ad gr 000 0 spa d
020 ## - INTERNATIONAL STANDARD BOOK NUMBER
International Standard Book Number 9588007119
040 ## - CATALOGING SOURCE
Original cataloging agency CO-JMCR
Transcribing agency CO-JMCR
041 0# - LANGUAGE CODE
Language code of text/sound track or separate title spa
082 04 - DEWEY DECIMAL CLASSIFICATION NUMBER
Classification number 332.9 /
Item number S959u1
Edition number 23
110 2# - MAIN ENTRY--CORPORATE NAME
Corporate name or jurisdiction name as entry element Colombia.
Subordinate unit Superintendencia de Valores
9 (RLIN) 5896
245 10 - TITLE STATEMENT
Title Un nuevo enfoque para el mercado de valores /
Statement of responsibility, etc. Superintendencia de Valores
260 ## - PUBLICATION, DISTRIBUTION, ETC.
Place of publication, distribution, etc. Bogotá :
Name of publisher, distributor, etc. Superintendencia de Valores,
Date of publication, distribution, etc. 1998
300 ## - PHYSICAL DESCRIPTION
Extent 213 páginas :
Other physical details ilustraciones y gráficas a blanco y negro ;
Dimensions 24 cm.
500 ## - GENERAL NOTE
General note Incluye glosario y notas a pie de página.
504 ## - BIBLIOGRAPHY, ETC. NOTE
Bibliography, etc. note Bibliografía: páginas 213-[214]
505 0# - FORMATTED CONTENTS NOTE
Formatted contents note La Superintendencia de Valores -- Los recibos de depósitos -- Aspectos legales -- índice de concentración accionaria -- Riesgos de inversión -- La titularización
650 14 - SUBJECT ADDED ENTRY--TOPICAL TERM
Topical term or geographic name entry element Valores
9 (RLIN) 16283
Geographic subdivision Colombia
650 24 - SUBJECT ADDED ENTRY--TOPICAL TERM
Topical term or geographic name entry element Mercado monetario
Geographic subdivision Colombia
9 (RLIN) 38584
942 ## - ADDED ENTRY ELEMENTS (KOHA)
Source of classification or shelving scheme Dewey Decimal Classification
Koha item type Books
Existencias
Withdrawn status Lost status Source of classification or shelving scheme Damaged status Not for loan Collection code Home library Current library Date acquired Source of acquisition Full call number Barcode Date last seen Copy number Koha item type
    Dewey Decimal Classification     Non-fiction Biblioteca Pública José María del Castillo y Rada Biblioteca Pública José María del Castillo y Rada 04/15/2018 Donación 332.9 / S959u1 430003183 05/16/2024 Ej.1 Books